|
|
|
|
| LEADER |
00000nam2a2200000 4500 |
| 001 |
146790 |
| 005 |
20240827063210.0 |
| 035 |
|
|
|a (RuTPU)RU\TPU\book\159118
|
| 090 |
|
|
|a 146790
|
| 100 |
|
|
|a 20081105d1954 k y0rusy50 ca
|
| 101 |
0 |
|
|a rus
|
| 102 |
|
|
|a RU
|
| 105 |
|
|
|a abf z 101zy
|
| 200 |
0 |
|
|a Т. 132 : Третья научная конференция Томского государственного университета имени В. В. Куйбышева
|e сборник по геологии Сибири, посвященный академику В. А. Обручеву
|
| 210 |
|
|
|d 1954
|
| 215 |
|
|
|a 378 с.
|c ил., карты
|
| 225 |
1 |
|
|a Серия геологическая
|
| 320 |
|
|
|a Библиогр. в конце ст.
|
| 461 |
|
1 |
|0 (RuTPU)RU\TPU\book\211718
|t Труды Томского государственного университета
|f Томский государственный университет (ТГУ) ; отв. ред. В. Т. Макаров
|v Т. 132 : Третья научная конференция Томского государственного университета имени В. В. Куйбышева
|d 1932-
|
| 464 |
|
|
|t Томский период научно-педагогической деятельности академика В. А. Обручева
|f А. Р. Ананьев
|
| 600 |
|
1 |
|a Обручев
|b В. А.
|c российский геолог
|c профессор Томского технологического института
|c исследователь Сибири, Центральной и Средней Азии
|c географ
|f 1863-1956
|g Владимир Афанасьевич
|y Томск
|7 ca
|8 rus
|2 stltpush
|3 (RuTPU)RU\TPU\pers\996
|9 441
|
| 606 |
1 |
|
|a Геология
|y СССР
|2 stltpush
|3 (RuTPU)RU\TPU\subj\6121
|9 34079
|
| 610 |
1 |
|
|a горное дело
|
| 610 |
1 |
|
|a Сибирь
|
| 610 |
1 |
|
|a история
|
| 610 |
1 |
|
|a палеонтология
|
| 610 |
1 |
|
|a региональная геология
|
| 610 |
1 |
|
|a четвертичная геология
|
| 610 |
1 |
|
|a минералогия
|
| 610 |
1 |
|
|a петрография
|
| 610 |
1 |
|
|a геологическое картирование
|
| 675 |
|
|
|a 55(47+57)
|v 3
|
| 712 |
1 |
2 |
|a Научная конференция Томского государственного университета имени В. В. Куйбышева
|d 3
|e Томск
|f 1954
|
| 801 |
|
1 |
|a RU
|b 63413507
|c 20081105
|g PSBO
|
| 801 |
|
2 |
|a RU
|b 63413507
|c 20221208
|g PSBO
|
| 942 |
|
|
|c BK
|